Il sesso del seminarista : (manuale dell'anticlericale) /
Сохранить в:
| Главный автор: | |
|---|---|
| Формат: | |
| Язык: | итальянский |
| Опубликовано: |
Firenze :
Agemina,
2006
|
| Метки: |
Нет меток, Требуется 1-ая метка записи!
|
MARC
| LEADER | 00000nam a22000007i 4500 | ||
|---|---|---|---|
| 001 | IT\ICCU\RMS\2250910 | ||
| 003 | ItRI | ||
| 005 | 20240227171825.0 | ||
| 008 | 091020s2006 it |||||| ||||| |||||c | ||
| 040 | |b ita |c GP | ||
| 041 | 7 | |a ita |2 ISO-639-2 | |
| 100 | 1 | |a Menabene, A. |0 IT\ICCU\RAVV\038003 |4 aut | |
| 245 | 1 | 3 | |a Il sesso del seminarista : |b (manuale dell'anticlericale) / |c Alberto Menabene. |
| 260 | |a Firenze : |b Agemina, |c 2006 | ||
| 300 | |a 158 p. ; |c 17 cm. | ||
| 942 | |2 ddc |c BK | ||
| 952 | |0 0 |1 0 |2 ddc |4 0 |6 282_766000000000000_MEN |7 1 |9 769 |a RM |b RM |d 2024-02-27 |l 0 |o 282.766 MEN |p 302 |r 2024-02-27 17:18:59 |w 2024-02-27 |y BK | ||
| 981 | 1 | |6 z01 |a i |b xxxe | |
| 982 | 1 | |6 z01 |a n | |
| 999 | |c 721 |d 721 | ||